Statystyki dla Jaki klub łączy tych piłkarzy? część 2

Kliknij tutaj aby rozwiązać quiz!

Ogólne statystyki

  • Ten quiz został rozwiązany 1 562 razy
  • Średni wynik to 8 z 12

Statystyki odpowiedzi

Zawodnicyklub% Poprawnych
Kamil Glik ,Falcao i James RodriguezAS Monaco
97%
Pedro ,Dani Alves i Juan CamaraFc Barcelona
87%
Ivan Rakitic ,Grzegorz Krychowiak i Yevgen KonoplyankaSevilla
86%
Zlatan Ibrahimovic ,Christian Eriksen i Justin KluivertAjax
75%
Mateo Kovacic ,Romelu Lukaku i Nemanja Vidic‎Inter Mediolan
74%
Andrea Belotti ,Ciro Immobile i Alessio CerciTorino
66%
Łukasz Piszczek ,Krzysztof Piątek i Ondrej DudaHertha Berlin
65%
Alexis Sanchez ,Piotr Zieliński i Łukasz TeodorczykUdinese
61%
Łukasz Madej ,Szymon Żurkowski i Krzysztof MączynskiGórnik Zabrze
48%
Michał Żewlakow ,Vadis Odjidja-Ofoe i Kevin MirallasOlympiakos
38%
Marek Saganowski ,Jerzy Dudek i Jordy ClasieFeyenoord Rotterdam
37%
Victor Valdes ,Axel Witsel i Orlando SaStandard Liege
30%

Rozkład punktacji

Percentyl według liczby udzielonych odpowiedzi

Procent ludzi z każdym wynikiem

Twoja historia wyników

Nie rozwiązałeś tego quizu